000 00614nam a22001937a 4500
003 OSt
005 20260618101618.0
008 260618b |||||||| |||| 00| 0 eng d
020 _a9781416607571
040 _cChuka University.
050 _aLB 1025.3
_b.J3 2009
100 _aJackson Robyn R.
_929994
245 _aNever Work Harder than Your Students
_b& other principles of great teaching.
260 _aAlexandria.
_bAssociation for Supervision and Curriculum Development.
_c2009
300 _a247p.
650 _aEffective Teaching.
_911612
650 _aTeacher Effectiveness.
_927750
942 _2lcc
_cBK
_n0
999 _c24690
_d24690